Христианство и плюрализм (Запис № 309024)

МАРК-запис
000 -LEADER
fixed length control field 00679nam a22002657a 4500
001 - CONTROL NUMBER
control field 22795
003 - CONTROL NUMBER IDENTIFIER
control field UA-OsUOA
005 - DATE AND TIME OF LATEST TRANSACTION
control field 20201129195813.0
007 - PHYSICAL DESCRIPTION FIXED FIELD--GENERAL INFORMATION
fixed length control field ta
008 - FIXED-LENGTH DATA ELEMENTS--GENERAL INFORMATION
fixed length control field 20031225b un ||||| |||| 00| 0 ukr d
020 ## - INTERNATIONAL STANDARD BOOK NUMBER
International Standard Book Number 5-250-01813-0
040 ## - CATALOGING SOURCE
Original cataloging agency UA-OsUOA
Language of cataloging rus
Transcribing agency UA-OsUOA
Modifying agency UA-OsUOA
041 ## - LANGUAGE CODE
Language code of text/sound track or separate title rus
044 ## - COUNTRY OF PUBLISHING/PRODUCING ENTITY CODE
MARC country code RU
080 ## - UNIVERSAL DECIMAL CLASSIFICATION NUMBER
Universal Decimal Classification number 215
090 ## - LOCALLY ASSIGNED LC-TYPE CALL NUMBER (OCLC); LOCAL CALL NUMBER (OCLC)
Classification number (OCLC) (R) ; Classification number, CALL (RLIN) (NR) 215
Local cutter number (OCLC) ; Book number/undivided call number, CALL (RLIN) В28
100 ## - MAIN ENTRY--PERSONAL NAME
Personal name Велькер М.
245 ## - TITLE STATEMENT
Title Христианство и плюрализм
260 ## - PUBLICATION, DISTRIBUTION, ETC. (IMPRINT)
Place of publication, distribution, etc Москва
Name of publisher, distributor, etc Республика
Date of publication, distribution, etc 2001
300 ## - PHYSICAL DESCRIPTION
Extent 207 с.
650 #7 - SUBJECT ADDED ENTRY--TOPICAL TERM
Source of heading or term UDC
942 ## - ADDED ENTRY ELEMENTS (KOHA)
Koha item type Книги
Source of classification or shelving scheme Universal Decimal Classification
955 ## - COPY-LEVEL INFORMATION (RLIN)
Classification number, CCAL (RLIN) інше
Фонди
Withdrawn status Lost status Source of classification or shelving scheme Damaged status Not for loan Home library Current library Date acquired Cost, normal purchase price Inventory number Total Checkouts Full call number Barcode Date last seen Price effective from Koha item type Source of acquisition
    Universal Decimal Classification     ЧЗ - Читальна зала ЧЗ - Читальна зала 25/12/2003 7.00 63411   215 В28 63411 07/02/2022 25/12/2003 Книги  
    Universal Decimal Classification     ЧЗ - Читальна зала ЧЗ - Читальна зала 25/12/2003 25.00 63412   215 В28 63412 06/02/2022 25/12/2003 Книги  
    Universal Decimal Classification     ЧЗ - Читальна зала ЧЗ - Читальна зала 25/12/2003 3.00 63413   215 В28 63413 07/02/2022 25/12/2003 Книги  
    Universal Decimal Classification     ЧЗ - Читальна зала ЧЗ - Читальна зала 28/11/2005   87670   215 В28 87670 06/02/2022 28/11/2005 Книги 118/2005